000 00734nam a22002297a 4500
005 20170124105958.0
010 _aA-943905
020 _a817629098
_c00.00
035 _aA-943905
037 _bCen Lib/Ret
040 _aDPL
_bEN
082 _a347.54017
_bMUK
100 _aMukherjee, Roma
_988876
245 _aWomen, law and free legal aid in india /
_cby Roma Mukherjee
260 _aNew Delhi
_bDeep & Deep Publications
_c1998
270 _aF-159, rajouri garden
_bNew Delhi
_e110027
300 _axiv, 174p.
_c25cm(pbk)
500 _aIncludes bibliographical references and index
650 _aConstitution
_zIndia
_988877
650 _aLegal aaid services
_988878
942 _2ddc
_cEN
_h347.54017
_mMUK
999 _c125697
_d125697